<?xml version="1.0" encoding="UTF-8"?>
<record
    xmlns:xsi="http://www.w3.org/2001/XMLSchema-instance"
    xsi:schemaLocation="http://www.loc.gov/MARC21/slim http://www.loc.gov/standards/marcxml/schema/MARC21slim.xsd"
    xmlns="http://www.loc.gov/MARC21/slim">

  <leader>01899nam a2200313 a 4500</leader>
  <controlfield tag="001">BRCA_5032</controlfield>
  <controlfield tag="005">20190320204919.0</controlfield>
  <controlfield tag="008">031110s1836----mx-######v---#000-0#spa-#</controlfield>
  <datafield tag="041" ind1=" " ind2=" ">
    <subfield code="a">spa</subfield>
  </datafield>
  <datafield tag="044" ind1=" " ind2=" ">
    <subfield code="a">fr</subfield>
  </datafield>
  <datafield tag="084" ind1=" " ind2=" ">
    <subfield code="a">DOC99</subfield>
    <subfield code="b">.G67</subfield>
    <subfield code="c">1836</subfield>
  </datafield>
  <datafield tag="100" ind1="1" ind2=" ">
    <subfield code="a">Goroztiza y Cepeda, Manuel Mar&#xED;a del Pilar Eduardo</subfield>
    <subfield code="d">1789-1851</subfield>
    <subfield code="9">12853</subfield>
  </datafield>
  <datafield tag="245" ind1="1" ind2="0">
    <subfield code="a">Documento dirigido a Eduardo Goroztiza</subfield>
    <subfield code="c">Eduardo Goroztiza, Luis G. Cuevas.</subfield>
  </datafield>
  <datafield tag="260" ind1=" " ind2=" ">
    <subfield code="a">Par&#xED;s, Francia</subfield>
    <subfield code="c">1836</subfield>
  </datafield>
  <datafield tag="300" ind1=" " ind2=" ">
    <subfield code="a">[1] foja</subfield>
    <subfield code="c">26 x 20 cm</subfield>
  </datafield>
  <datafield tag="500" ind1=" " ind2=" ">
    <subfield code="a">Documento expedido el 18 de noviembre de 1836 en Par&#xED;s, Francia</subfield>
  </datafield>
  <datafield tag="500" ind1=" " ind2=" ">
    <subfield code="a">Luis G. Cuevas escribe a Eduardo Goroztiza por haber recibido la comunicaci&#xF3;n del Se&#xF1;or Presidente de que a partir del 2 de septiembre de 1836 pasar&#xE1; Goroztiza a clase de agregado y con el mismo sueldo a la Misi&#xF3;n extraordinaria de la Rep&#xFA;blica cerca del Gobierno de los Estados Unidos para cuyo efecto le entregara </subfield>
    <subfield code="2">00 pesos y 4 pagos m&#xE1;s haberse anunciado en los papeles p&#xFA;blicos que el Sr. Goroztiza ha salido ya de los Estados Unidos, tal vez por la necesidad de continuar su viaje a M&#xE9;xico. Firma Luis G. Cuevas</subfield>
  </datafield>
  <datafield tag="500" ind1=" " ind2=" ">
    <subfield code="a">El documento contiene la leyenda DOC. #260</subfield>
  </datafield>
  <datafield tag="500" ind1=" " ind2=" ">
    <subfield code="a">Papel con marca de agua</subfield>
  </datafield>
  <datafield tag="500" ind1=" " ind2=" ">
    <subfield code="a">Al margen: LEGACI&#xD3;N MEXICANA CERCA S. M. EL REY DE LOS FRANCESES</subfield>
  </datafield>
  <datafield tag="500" ind1=" " ind2=" ">
    <subfield code="a">Estado de conservaci&#xF3;n: Contiene manchas de acidificaci&#xF3;n</subfield>
  </datafield>
  <datafield tag="506" ind1="0" ind2=" ">
    <subfield code="a">Fondo reservado: para su consulta es necesario credencial de usuario y carta de motivos</subfield>
  </datafield>
  <datafield tag="546" ind1=" " ind2=" ">
    <subfield code="a">Texto en: espa&#xF1;ol de mediados del siglo XIX</subfield>
  </datafield>
  <datafield tag="600" ind1="1" ind2="4">
    <subfield code="a">Goroztiza y Cepeda, Manuel Mar&#xED;a del Pilar Eduardo</subfield>
    <subfield code="d">1789-1851</subfield>
    <subfield code="9">12853</subfield>
  </datafield>
  <datafield tag="650" ind1="1" ind2="4">
    <subfield code="a">Relaciones internacionales</subfield>
    <subfield code="e">Documentos legales</subfield>
    <subfield code="v">Impreso con r&#xFA;bricas</subfield>
    <subfield code="x">Historia</subfield>
    <subfield code="y">Federalismo y centralismo, 1824-1853</subfield>
    <subfield code="z">M&#xE9;xico</subfield>
    <subfield code="9">12854</subfield>
  </datafield>
  <datafield tag="700" ind1="1" ind2=" ">
    <subfield code="a">Gonzanza Cuevas, Luis</subfield>
    <subfield code="c">Secretario de Relaciones Exteriores</subfield>
    <subfield code="d">1799-1867</subfield>
    <subfield code="9">12855</subfield>
  </datafield>
  <datafield tag="902" ind1=" " ind2=" ">
    <subfield code="a">FDH</subfield>
  </datafield>
  <datafield tag="942" ind1=" " ind2=" ">
    <subfield code="2">lcc</subfield>
    <subfield code="c">D</subfield>
  </datafield>
  <datafield tag="999" ind1=" " ind2=" ">
    <subfield code="c">4726</subfield>
    <subfield code="d">4726</subfield>
  </datafield>
  <datafield tag="952" ind1=" " ind2=" ">
    <subfield code="0">0</subfield>
    <subfield code="1">0</subfield>
    <subfield code="4">0</subfield>
    <subfield code="7">0</subfield>
    <subfield code="a">BRCA</subfield>
    <subfield code="b">BRCA</subfield>
    <subfield code="d">2010-11-03</subfield>
    <subfield code="l">0</subfield>
    <subfield code="o">DOC99 .G67 1836</subfield>
    <subfield code="p">5134</subfield>
    <subfield code="r">2019-03-22 00:00:00</subfield>
    <subfield code="w">2019-03-22</subfield>
    <subfield code="y">D</subfield>
  </datafield>
</record>
